00369 a2200121 4500001001000000005001700010008004100027245005200068100002000120700002500140700002600165773005600191ART_6105120260410161802.0260409a 10aDeducción de gastos incurridos en el exterior1 aGotlib, Gabriel1 aVaquero, Fernando M.1 aMazzilli, Santiago T.0 tDoctrina tributariag- N° 532 (jul. 2024)wREV4296